UK REITS consultation (Record no. 117162)

MARC details
000 -LEADER
fixed length control field 01023cam a2200205 4500
001 - CONTROL NUMBER
control field WB4013-04
008 - FIXED-LENGTH DATA ELEMENTS--GENERAL INFORMATION
fixed length control field 040401n2004 000 0 eng u
035 ## - SYSTEM CONTROL NUMBER
System control number (Sirsi) u125718
245 ## - TITLE STATEMENT
Title UK REITS consultation
260 ## - PUBLICATION, DISTRIBUTION, ETC.
Date of publication, distribution, etc. 2004
490 ## - SERIES STATEMENT
Series statement RICS Commercial Property Faculty News
Volume/sequential designation 29 March 2004 (1)
520 ## - SUMMARY, ETC.
Summary, etc. HM Treasury has announced a public consultation on a UK REIT type property investment vehicle. It follows a recommendation from Kate Barker's review into the responsiveness of housing supply. The consultation, "Promoting more flexible investment in property", is available from the HM Treasury website, http://www.hm-treasury.gov.uk/budget/budget_04/ass ociated_documents/bud_bud04_adproperty.cfm. Closing date is 16 July 2004. http://www.rics.org/ricscms/bin/show?class=News&te mplate=/includes/shownews.html&id=8588
590 ## - LOCAL NOTE (RLIN)
Local note WB
590 ## - LOCAL NOTE (RLIN)
Local note WB
650 ## - SUBJECT ADDED ENTRY--TOPICAL TERM
Topical term or geographic name entry element REITS
650 ## - SUBJECT ADDED ENTRY--TOPICAL TERM
Topical term or geographic name entry element HOUSING SUPPLY
650 ## - SUBJECT ADDED ENTRY--TOPICAL TERM
Topical term or geographic name entry element PUBLIC CONSULTATIONS
690 ## - LOCAL SUBJECT ADDED ENTRY--TOPICAL TERM (OCLC, RLIN)
Topical term or geographic name as entry element COMMERCIAL PROPERTY-INVESTMENT
942 ## - ADDED ENTRY ELEMENTS (KOHA)
Suppress in OPAC 0
Holdings
Withdrawn status Lost status Source of classification or shelving scheme Damaged status Not for loan Home library Current library Shelving location Date acquired Total Checkouts Full call number Barcode Date last seen Copy number Price effective from Koha item type
    Dewey Decimal Classification     London London News article 01/04/2004   WB4013-04 125718-1001 06/08/2019 1 06/08/2019 News article